000 01089nam a2200229Ia 4500
003 Ost
005 20260507074934.0
008 260507s9999||||xx |||||||||||||| ||und||
020 _a9957163662
040 _cfsecg
041 _aara
082 _a346;346.668
100 _aالخرابشة، سامي محمد
_eمؤلف
245 0 _aالتنظيم القانوني لاعادة الشركات المساهمة العامة -دراسة مقارنة. /
_c سامي محمد الخرابشة
260 _aعمان:
_bدار الثقافة,
_c2008
300 _a206 صفحة؛
_bإيضاحات ؛
_c24 سم
504 _aبيبايوغرافيا ص. 199
520 _aهذا الكتاب يتناول موضوع التنظيم القانوني لاعادة هيكلة الشركات المساهمة العامة -ماهية الهيكلة وأسبابها ، الوسائل الاجرائية لاعادة الهيكلة ، الوسائل الموضوعية لاعادة الهيكلة
653 _aشركات مساهمة
653 _aقانون خاص
942 _cكتاب
999 _c41874
_d41874